000 00683nam a2200217Ia 4500
003 GCL
008 140319s9999 xx 000 0 ara d
040 _aGCL /
_cGCL
082 0 4 _a301
_bع ع
100 1 _aمحمد احمد بيومى
245 1 0 _aعلم الاجتماع الطبى /
_cمحمد احمد بيومى
700 1 _aسامية محمد جابر
700 1 _aالسيد عبدالعاطى السيد
700 1 _aعلى عبدالرزاق حلبى
260 _a[S.N] :
_bدار المعرفة الجامعية ،
_c1990
300 _a414
490 _a
650 0 4 _aالاجتماع
650 0 4 _aالاجتماع الطبى، علم
942 _2ddc
_cBK
999 _c55275
_d55275